000 00417nam a2200157Ia 4500
003 GCL
008 140319s9999 xx 000 0 eng d
040 _aGCL /
_cGCL
082 0 4 _a632.3
_bM P
100 1 _aMANNERS, J. G.
245 1 0 _aPRINCIPLES OF PLANT PATHOLOGY /
_cMANNERS, J. G.
260 _a[S.N] :
_bCAMBRIBGE UNIVERSITY PRESS ،
_c1993
300 _a343 P
650 0 4 _aPLANT - DISEASES
942 _2ddc
_cBK
999 _c21071
_d21071